000 00571nam a2200193Ia 4500
003 IN-BaIIA
008 211028s9999 xx 000 0 eng d
040 _cIIA Library
080 _a532.5
_bLAM
100 _aLamb, Horace
_91511
245 0 _aHydrodynamics
_cHorace Lamb
250 _a6th ed.
260 _aCambridge
_bCambridge University Press
_c1953
300 _axv, 738p.
650 _aAstronomy and astrophysics thesaurus
650 _aHydrodynamics
_91514
650 _aMagnetohydrodynamics
_91666
942 _cBK
999 _c1278
_d1278